000 01177nam a2200265 a 4500
001 BRL_1516
005 20190320211237.0
008 130214s1981----u--ao#####---#000-0#eng-#
041 _aeng
_hspa
044 _au
050 4 _aF1219.3.M4
_b.C37 1981
245 1 0 _aCaras de fiesta
_bmáscaras mexicanas en contexto = Faces of fiesta : mexican masks in context
_ccatalog designed by Rachael Bernier ; spanishtranslation of english text by Connie Malco Gustavo V. Segade.
260 _aSan Diego, CA.
_bSan Diego State University Syllabus Service
_c1981
300 _a[62] p.
_bil., fotografías (blanco y negro)
_c21 cm.
500 _aAu1764
500 _aIncluye dedicatoria a Ruth Lechuga
500 _aGaleria de la Ciudad de Mexicali, Mexicali, Baja California del 27 de noviembre al 14de diciembre de 1981
500 _aUniversity Gallery, San Diego State University, San Diego, California, October 24 -noviembre 21, 1981
650 1 4 _aMáscaras
_vExposiciones
_zMéxico
_923518
700 1 _aMalcom Moreno, Connie
_etr.
_927145
700 1 _aSegade, Gustavo V.
_etr.
_927146
740 0 _aFaces of fiesta : mexican masks in context
902 _aGRL
942 _2lcc
_cB
999 _c10325
_d10325